| 000 | 00570nam a2200205 u 4500 | ||
|---|---|---|---|
| 005 | 20230310063614.0 | ||
| 008 | 100422s2005 es r 000 0 spa d | ||
| 020 | _a849800117X | ||
| 035 | _aUPN01000175464 | ||
| 049 | _aCG | ||
| 050 | 4 |
_aPR6112 E8.9 _bS9 |
|
| 100 | 1 | _aLevy, Roger | |
| 245 | 1 | 0 |
_aSueño temerario / _cRoger Levy ; tr. Isabel Merino. |
| 260 |
_aMadrid : _bLa Factoria de Ideas, _c2005. |
||
| 300 | _a347 p. | ||
| 440 | 0 |
_aSolaris ficción ; _v58 |
|
| 534 |
_pTítulo original: _tReckless sleep |
||
| 650 | 4 |
_aNovela inglesa _94471 |
|
| 905 | _aLibro | ||
| 999 |
_c147568 _d147568 |
||